[Event "Titled Tuesday intern op 23rd Nov"]
[Site "Chess.com INT"]
[Date "2021.11.23"]
[Round "3"]
[White "Zhigalko, Sergei"]
[Black "Moroni, Luca Jr"]
[Result "1/2-1/2"]
[WhiteElo "2572"]
[BlackElo "2580"]
[PlyCount "95"]
[EventDate "2021.11.23"]
[EventType "swiss (blitz)"]
[EventRounds "11"]
[EventCountry "USA"]
[SourceTitle "CBM 205 Extra"]
[Source "ChessBase"]
[SourceDate "2022.01.31"]
[SourceVersion "1"]
[SourceVersionDate "2022.01.31"]
[SourceQuality "1"]

1. e4 e5 2. Nf3 d6 3. d4 exd4 4. Qxd4 Nf6 5. Nc3 Be7 6. Bg5 O-O 7. O-O-O h6 8. Bh4 Nc6 9. Qc4 Be6 10. Qe2 Nd7 11. Bxe7 Qxe7 12. Nd4 Nxd4 13. Rxd4 Rfe8 14. f3 a6 15. Kb1 Ne5 16. Qf2 b5 17. Be2 c5 18. Nd5 Bxd5 19. Rxd5 Rad8 20. Rhd1 Qe6 21. Qg3 Kf8 22. a3 Qf6 23. h4 g5 24. hxg5 hxg5 25. Qf2 Nc6 26. Qe3 Re5 27. Rxe5 Qxe5 28. Rd5 Qf4 29. Qf2 Nd4 30. Bd3 Qf6 31. c3 Ne6 32. Rf5 Qh6 33. g3 Qh1+ 34. Ka2 Qd1 35. Bc2 Qc1 36. Bd3 Ke7 37. Qh2 b4 38. cxb4 cxb4 39. axb4 Rb8 40. e5 Rxb4 41. exd6+ Kxd6 42. b3 Rd4 43. Qe2 Qc3 44. Qe5+ Ke7 45. Qf6+ Kd6 46. Qe5+ Ke7 47. Qf6+ Kd6 48. Qe5+ 1/2-1/2

[Event "Titled Tuesday intern op 23rd Nov"]
[Site "Chess.com INT"]
[Date "2021.11.23"]
[Round "4"]
[White "Shkapenko, Pavel"]
[Black "Zhigalko, Sergei"]
[Result "1-0"]
[WhiteElo "2424"]
[BlackElo "2572"]
[PlyCount "75"]
[EventDate "2021.11.23"]
[EventType "swiss (blitz)"]
[EventRounds "11"]
[EventCountry "USA"]
[SourceTitle "CBM 205 Extra"]
[Source "ChessBase"]
[SourceDate "2022.01.31"]
[SourceVersion "1"]
[SourceVersionDate "2022.01.31"]
[SourceQuality "1"]

1. e4 c5 2. c3 Nf6 3. e5 Nd5 4. d4 cxd4 5. cxd4 d6 6. Nf3 Nc6 7. Bc4 Nb6 8. Bb3 d5 9. Nh4 e6 10. Nf3 Be7 11. O-O Bd7 12. Nc3 Rc8 13. Re1 a6 14. Rb1 Na7 15. Bd2 Nc4 16. Bf4 Qa5 17. Ne2 b5 18. Ng3 g6 19. Bg5 Qd8 20. h4 h6 21. Bxe7 Qxe7 22. h5 Kd8 23. Qd3 Rg8 24. Nh2 gxh5 25. Nxh5 Qh4 26. Nf6 Rg6 27. Nf3 Qf4 28. g3 Qf5 29. Qxf5 exf5 30. Nh4 Rg4 31. Nxd7 Kxd7 32. Bc2 Rxd4 33. Bxf5+ Kc6 34. Bxc8 Nxc8 35. Nf5 Rd2 36. b3 Nb2 37. Nxh6 Ne7 38. Kf1 1-0

[Event "Titled Tuesday intern op 23rd Nov"]
[Site "Chess.com INT"]
[Date "2021.11.23"]
[Round "5"]
[White "Zhigalko, Sergei"]
[Black "Levitsky, Andrey"]
[Result "1-0"]
[WhiteElo "2572"]
[BlackElo "2329"]
[PlyCount "45"]
[EventDate "2021.11.23"]
[EventType "swiss (blitz)"]
[EventRounds "11"]
[EventCountry "USA"]
[SourceTitle "CBM 205 Extra"]
[Source "ChessBase"]
[SourceDate "2022.01.31"]
[SourceVersion "1"]
[SourceVersionDate "2022.01.31"]
[SourceQuality "1"]

1. e4 e6 2. d4 d5 3. e5 c5 4. c3 Qb6 5. Nf3 Nc6 6. a3 Nh6 7. b4 cxd4 8. cxd4 Nf5 9. Be3 f6 10. exf6 gxf6 11. Bd3 Nxe3 12. fxe3 Bh6 13. Qe2 Bd7 14. O-O Rc8 15. Nbd2 Ne7 16. Nb3 a6 17. Ne5 fxe5 18. Qh5+ Kd8 19. Qxh6 exd4 20. exd4 Rc3 21. Nc5 Re8 22. Bxh7 Qb5 23. Qf4 1-0

[Event "Titled Tuesday intern op 23rd Nov"]
[Site "Chess.com INT"]
[Date "2021.11.23"]
[Round "6"]
[White "Erdogdu, Mert"]
[Black "Zhigalko, Sergei"]
[Result "0-1"]
[WhiteElo "2407"]
[BlackElo "2572"]
[PlyCount "128"]
[EventDate "2021.11.23"]
[EventType "swiss (blitz)"]
[EventRounds "11"]
[EventCountry "USA"]
[SourceTitle "CBM 205 Extra"]
[Source "ChessBase"]
[SourceDate "2022.01.31"]
[SourceVersion "1"]
[SourceVersionDate "2022.01.31"]
[SourceQuality "1"]

1. e4 c5 2. Nf3 Nc6 3. d4 cxd4 4. Nxd4 Nf6 5. Nc3 e5 6. Ndb5 d6 7. Bg5 a6 8. Na3 b5 9. Nd5 Be7 10. Bxf6 Bxf6 11. c4 b4 12. Nc2 O-O 13. g3 a5 14. b3 Bg5 15. h4 Bh6 16. Bh3 Be6 17. Kf1 Ne7 18. Nxe7+ Qxe7 19. Qd3 Ra6 20. Kg2 Qb7 21. Bxe6 fxe6 22. Rad1 a4 23. Rhe1 axb3 24. axb3 g5 25. hxg5 Bxg5 26. Re2 Kg7 27. Ne1 Be7 28. Nf3 Rfa8 29. c5 dxc5 30. Nxe5 Rd8 31. Qc2 Rxd1 32. Qxd1 Bf6 33. Nc4 Bd4 34. Qd3 Ra1 35. Qf3 Qf7 36. Qxf7+ Kxf7 37. f4 Rb1 38. Na5 Ra1 39. Nc4 Rb1 40. Na5 Ra1 41. Nc6 Ra3 42. Nxd4 cxd4 43. Rd2 e5 44. fxe5 Ke6 45. Rxd4 Rxb3 46. Rc4 Kxe5 47. Kh3 Rb1 48. Kg4 b3 49. Rb4 b2 50. Rb7 h6 51. Rb6 Kxe4 52. Re6+ Kd5 53. Rb6 Kd4 54. Rb8 Ke5 55. Re8+ Kd6 56. Rb8 Ke7 57. Rb7+ Kd8 58. Rb3 h5+ 59. Kg5 h4 60. g4 h3 61. Rd3+ Ke7 62. Re3+ Kf7 63. Rf3+ Kg7 64. Rxh3 Rc1 0-1

[Event "Titled Tuesday intern op 23rd Nov"]
[Site "Chess.com INT"]
[Date "2021.11.23"]
[Round "7"]
[White "Zhigalko, Sergei"]
[Black "Sychev, Klementy"]
[Result "0-1"]
[WhiteElo "2572"]
[BlackElo "2550"]
[PlyCount "106"]
[EventDate "2021.11.23"]
[EventType "swiss (blitz)"]
[EventRounds "11"]
[EventCountry "USA"]
[SourceTitle "CBM 205 Extra"]
[Source "ChessBase"]
[SourceDate "2022.01.31"]
[SourceVersion "1"]
[SourceVersionDate "2022.01.31"]
[SourceQuality "1"]

1. e4 Nc6 2. Nf3 d6 3. d4 Nf6 4. Nc3 g6 5. Bb5 a6 6. Bxc6+ bxc6 7. h3 Bg7 8. O-O Rb8 9. Re1 O-O 10. b3 c5 11. Bg5 h6 12. Bh4 cxd4 13. Nxd4 Bb7 14. Qd3 e5 15. Nde2 Qe8 16. Bxf6 Bxf6 17. Nd5 Bd8 18. c4 Bc8 19. Rad1 f5 20. exf5 Bxf5 21. Qe3 Qf7 22. Ng3 c6 23. Nc3 Bb6 24. Qxh6 Bxf2+ 25. Kh2 Bxe1 26. Rxe1 Rbe8 27. Rd1 Re6 28. Re1 Qg7 29. Qg5 Qf6 30. Qh6 Rf7 31. Nce4 Bxe4 32. Rxe4 g5 33. Qh5 Qg6 34. Qg4 Rf4 35. Rxf4 gxf4 36. Qxg6+ Rxg6 37. Nf5 Kf7 38. g4 e4 39. Kg2 d5 40. c5 Kf6 41. Kf2 Ke5 42. Nd6 d4 43. Nf7+ Kd5 44. g5 e3+ 45. Kf3 d3 46. h4 d2 47. Ke2 f3+ 48. Kxe3 d1=Q 49. h5 Qe2+ 50. Kf4 Re6 51. h6 f2 52. g6 f1=Q+ 53. Kg5 Qeg2+ 0-1

[Event "Titled Tuesday intern op 23rd Nov"]
[Site "Chess.com INT"]
[Date "2021.11.23"]
[Round "8"]
[White "Punin, Andrii"]
[Black "Zhigalko, Sergei"]
[Result "0-1"]
[WhiteElo "2289"]
[BlackElo "2572"]
[PlyCount "140"]
[EventDate "2021.11.23"]
[EventType "swiss (blitz)"]
[EventRounds "11"]
[EventCountry "USA"]
[SourceTitle "CBM 205 Extra"]
[Source "ChessBase"]
[SourceDate "2022.01.31"]
[SourceVersion "1"]
[SourceVersionDate "2022.01.31"]
[SourceQuality "1"]

1. e4 c5 2. Be2 Nc6 3. f4 g6 4. Nf3 Bg7 5. c3 d5 6. d3 b6 7. O-O Bb7 8. Na3 e6 9. e5 Nge7 10. d4 O-O 11. Be3 cxd4 12. cxd4 a6 13. Bf2 Rc8 14. Qd2 Na5 15. Rac1 Nc4 16. Qb4 b5 17. Nb1 Nc6 18. Qe1 Nxb2 19. Bh4 Qb6 20. Qf2 Nc4 21. Bf6 Bxf6 22. exf6 Nd6 23. Bd3 Ne4 24. Bxe4 dxe4 25. Rxc6 Rxc6 26. Ne5 Rd6 27. Qh4 Qxd4+ 28. Kh1 Qd1 29. Kg1 Qh5 30. Qg3 Qf5 31. Ng4 Kh8 32. Qh4 Qh5 33. Qg3 e3 34. Ne5 e2 35. Re1 Rd1 36. Kf2 Qf5 37. Nc3 Rxe1 38. Kxe1 Qxf6 39. Nxe2 Rd8 40. Qe3 Kg8 41. Qb6 Bd5 42. Qxa6 b4 43. Qb6 Qe7 44. Nd4 Qd6 45. Ndc6 Bxc6 46. Qxc6 Qxc6 47. Nxc6 Ra8 48. Nxb4 Ra4 49. a3 Rxa3 50. Kf2 Ra4 51. Nd3 Ra2+ 52. Kf3 Ra3 53. Ke2 Kg7 54. g3 Ra2+ 55. Kf3 Rxh2 56. Ne5 Ra2 57. Nc6 Ra3+ 58. Kf2 Ra4 59. Ne5 h5 60. Nf3 Ra2+ 61. Ke3 Ra3+ 62. Ke4 Rxf3 63. Kxf3 Kf6 64. Ke4 Ke7 65. Ke5 f6+ 66. Kd4 Kd6 67. Ke4 Kc5 68. Kd3 Kd5 69. Ke3 e5 70. f5 gxf5 0-1

[Event "Titled Tuesday intern op 23rd Nov"]
[Site "Chess.com INT"]
[Date "2021.11.23"]
[Round "9"]
[White "Zhigalko, Sergei"]
[Black "Shipov, Sergei"]
[Result "1-0"]
[WhiteElo "2572"]
[BlackElo "2541"]
[PlyCount "41"]
[EventDate "2021.11.23"]
[EventType "swiss (blitz)"]
[EventRounds "11"]
[EventCountry "USA"]
[SourceTitle "CBM 205 Extra"]
[Source "ChessBase"]
[SourceDate "2022.01.31"]
[SourceVersion "1"]
[SourceVersionDate "2022.01.31"]
[SourceQuality "1"]

1. e4 e6 2. d4 d5 3. e5 Bd7 4. c3 a6 5. Nf3 Ne7 6. h4 h5 7. Bg5 Bb5 8. Bxb5+ axb5 9. O-O Qd7 10. Nbd2 Nf5 11. Re1 Nc6 12. a3 Na5 13. Qe2 Nc4 14. Nf1 Be7 15. Ng3 Nxg3 16. fxg3 O-O-O 17. b3 Nxa3 18. b4 c6 19. Rxa3 Kc7 20. Bxe7 Qxe7 21. Ng5 1-0

[Event "Titled Tuesday intern op 23rd Nov"]
[Site "Chess.com INT"]
[Date "2021.11.23"]
[Round "10"]
[White "Kezin, Roman"]
[Black "Zhigalko, Sergei"]
[Result "0-1"]
[WhiteElo "2492"]
[BlackElo "2572"]
[PlyCount "60"]
[EventDate "2021.11.23"]
[EventType "swiss (blitz)"]
[EventRounds "11"]
[EventCountry "USA"]
[SourceTitle "CBM 205 Extra"]
[Source "ChessBase"]
[SourceDate "2022.01.31"]
[SourceVersion "1"]
[SourceVersionDate "2022.01.31"]
[SourceQuality "1"]

1. d4 Nf6 2. c4 e6 3. g3 c5 4. d5 exd5 5. cxd5 d6 6. Nc3 g6 7. Nf3 Bg7 8. Bg2 O-O 9. O-O Re8 10. Nd2 a6 11. a4 Nbd7 12. h3 b6 13. Nc4 Ne5 14. Na3 Nh5 15. e4 b5 16. axb5 axb5 17. Ncxb5 Ba6 18. Be3 Qb6 19. g4 Nf6 20. f4 Bxb5 21. Nxb5 Rxa1 22. Qxa1 Nexg4 23. hxg4 Qxb5 24. e5 Nxg4 25. Bd2 Qd3 26. Qd1 Qd4+ 27. Kh1 Nf2+ 28. Rxf2 Qxf2 29. exd6 Qh4+ 30. Kg1 Bd4+ 0-1

[Event "Titled Tuesday intern op 23rd Nov"]
[Site "Chess.com INT"]
[Date "2021.11.23"]
[Round "11"]
[White "Bocharov, Dmitry"]
[Black "Zhigalko, Sergei"]
[Result "1/2-1/2"]
[WhiteElo "2517"]
[BlackElo "2572"]
[PlyCount "159"]
[EventDate "2021.11.23"]
[EventType "swiss (blitz)"]
[EventRounds "11"]
[EventCountry "USA"]
[SourceTitle "CBM 205 Extra"]
[Source "ChessBase"]
[SourceDate "2022.01.31"]
[SourceVersion "1"]
[SourceVersionDate "2022.01.31"]
[SourceQuality "1"]

1. d4 Nf6 2. c4 e6 3. Nf3 b6 4. a3 Ba6 5. Qc2 Bb7 6. Nc3 c5 7. e4 cxd4 8. Nxd4 Nc6 9. Nxc6 Bxc6 10. Bf4 Nh5 11. Be3 Bc5 12. Bxc5 bxc5 13. g3 Rb8 14. Bg2 Qb6 15. Rb1 O-O 16. b4 cxb4 17. axb4 Qd4 18. Ne2 Qd6 19. c5 Qe5 20. O-O Nf6 21. Qc3 Qc7 22. Qe3 a5 23. bxa5 Qxa5 24. Rb6 Ra8 25. Nd4 Ng4 26. Qc1 Ne5 27. Nb3 Qa4 28. Qc3 f6 29. Nd4 Rfc8 30. Rfb1 Qc4 31. Qxc4 Nxc4 32. R6b4 Nd2 33. Rd1 Ra2 34. Nxc6 dxc6 35. e5 fxe5 36. Rb7 e4 37. h4 Rf8 38. Re1 h5 39. Rc7 Nf3+ 40. Bxf3 Rxf3 41. Rxc6 Rfxf2 42. Rxe6 Rg2+ 43. Kh1 Rh2+ 44. Kg1 Rhg2+ 45. Kh1 Rh2+ 46. Kg1 Rag2+ 47. Kf1 Rxg3 48. R6xe4 Rc3 49. Kg1 Rcc2 50. Re5 Rhg2+ 51. Kf1 Rh2 52. Kg1 Rxh4 53. Rf1 Rg4+ 54. Kh1 Rh4+ 55. Kg1 Kh7 56. Rf2 Rxf2 57. Kxf2 Kh6 58. Ke3 Rc4 59. Kd3 Rc1 60. Kd2 Ra1 61. c6 Ra8 62. Rc5 Rc8 63. c7 h4 64. Ke3 g5 65. Kf3 Kh5 66. Kg2 Kg4 67. Rc4+ Kf5 68. Kh3 Ke5 69. Rc5+ Kf6 70. Rc6+ Kf5 71. Rc5+ Kf4 72. Rc4+ Kf3 73. Rc3+ Ke4 74. Rc4+ Kd5 75. Rc1 Kd6 76. Rg1 Rxc7 77. Rxg5 Rh7 78. Rg4 Ke5 79. Rxh4 Rxh4+ 80. Kxh4 1/2-1/2

[Event "Titled Tuesday intern op 14th Dec"]
[Site "Chess.com INT"]
[Date "2021.12.14"]
[Round "3"]
[White "Zhigalko, Sergei"]
[Black "Navalgund, Niranjan"]
[Result "1-0"]
[WhiteElo "2572"]
[BlackElo "2289"]
[PlyCount "73"]
[EventDate "2021.12.14"]
[EventType "swiss (blitz)"]
[EventRounds "11"]
[EventCountry "USA"]
[SourceTitle "EXT 2023"]
[Source "ChessBase"]
[SourceDate "2022.10.05"]
[SourceVersion "1"]
[SourceVersionDate "2022.10.05"]
[SourceQuality "1"]

1. e4 e5 2. Nf3 Nc6 3. Bc4 Nf6 4. d3 h6 5. O-O d6 6. Nc3 g5 7. Nd5 Bg7 8. c3 Bg4 9. Ne3 Qd7 10. Nxg4 Qxg4 11. a4 Qh5 12. Re1 O-O-O 13. a5 g4 14. Nd2 a6 15. b4 Na7 16. Qb3 Rd7 17. b5 axb5 18. Bxb5 Nxb5 19. Qxb5 c6 20. Qb6 Rc7 21. Nc4 Kd7 22. a6 bxa6 23. Rxa6 Rhc8 24. Ba3 Ne8 25. Qa5 Ke6 26. d4 Qg5 27. d5+ Ke7 28. dxc6 Rxc6 29. Rxc6 Rxc6 30. Qd5 Kd7 31. Rd1 Nc7 32. Qd3 Qg6 33. Bxd6 Kc8 34. Bxe5 Qe6 35. Qd8+ Kb7 36. Rb1+ Ka6 37. Bxc7 1-0

[Event "Titled Tuesday intern op 14th Dec"]
[Site "Chess.com INT"]
[Date "2021.12.14"]
[Round "4"]
[White "Ezat, Mohamed Mahmoud"]
[Black "Zhigalko, Sergei"]
[Result "0-1"]
[WhiteElo "2418"]
[BlackElo "2572"]
[PlyCount "74"]
[EventDate "2021.12.14"]
[EventType "swiss (blitz)"]
[EventRounds "11"]
[EventCountry "USA"]
[SourceTitle "EXT 2023"]
[Source "ChessBase"]
[SourceDate "2022.10.05"]
[SourceVersion "1"]
[SourceVersionDate "2022.10.05"]
[SourceQuality "1"]

1. d4 Nf6 2. c4 e6 3. Nc3 Bb4 4. e3 O-O 5. a3 Bxc3+ 6. bxc3 c5 7. Bd3 Nc6 8. Ne2 b6 9. O-O Ba6 10. e4 Ne8 11. Ng3 cxd4 12. cxd4 Nxd4 13. Bb2 Nc6 14. f4 f6 15. Qe2 Rc8 16. Rac1 Qe7 17. Kh1 Na5 18. c5 Bxd3 19. Qxd3 Rxc5 20. Rxc5 bxc5 21. Rd1 d6 22. f5 e5 23. Nf1 Qf7 24. Bc3 Nb3 25. Ne3 Nd4 26. h3 Nc7 27. Ba5 Rb8 28. Bxc7 Qxc7 29. Nd5 Qb7 30. Qg3 Kh8 31. Qh4 Qb3 32. Re1 Nf3 33. gxf3 Qxf3+ 34. Kg1 Rb2 35. Ne3 h6 36. a4 c4 37. Ng4 Qg2# 0-1

[Event "Titled Tuesday intern op 28th Dec"]
[Site "Chess.com INT"]
[Date "2021.12.28"]
[Round "1"]
[White "Zhigalko, Sergei"]
[Black "Renjith, Sravan"]
[Result "1/2-1/2"]
[WhiteElo "2572"]
[BlackElo "2121"]
[PlyCount "74"]
[EventDate "2021.12.28"]
[EventType "swiss (blitz)"]
[EventRounds "11"]
[EventCountry "USA"]
[SourceTitle "CBM 206 Extra"]
[Source "ChessBase"]
[SourceDate "2022.03.31"]
[SourceVersion "1"]
[SourceVersionDate "2022.03.31"]
[SourceQuality "1"]

1. e4 e5 2. Nf3 Nc6 3. Bc4 Nf6 4. d3 Bc5 5. O-O O-O 6. Nbd2 a6 7. c3 d6 8. Bb3 b5 9. Re1 Ba7 10. Nf1 Na5 11. Bc2 c5 12. Bg5 h6 13. Bh4 Nc6 14. Ne3 Be6 15. Bb3 Na5 16. Bd5 Rc8 17. h3 c4 18. d4 g5 19. Nxg5 hxg5 20. Bxg5 Kg7 21. Qf3 exd4 22. Nf5+ Bxf5 23. Qxf5 Re8 24. Kh1 Re5 25. Bxf6+ Qxf6 26. Qxc8 dxc3 27. f4 cxb2 28. Rab1 Re7 29. Qg4+ Kf8 30. e5 dxe5 31. Rxb2 exf4 32. Rxe7 Qxe7 33. Re2 Qf6 34. Qc8+ Kg7 35. Qg4+ Kf8 36. Qc8+ Kg7 37. Qg4+ Kf8 1/2-1/2

[Event "Titled Tuesday intern op 28th Dec"]
[Site "Chess.com INT"]
[Date "2021.12.28"]
[Round "2"]
[White "Jary, Sergey"]
[Black "Zhigalko, Sergei"]
[Result "0-1"]
[WhiteElo "2275"]
[BlackElo "2572"]
[PlyCount "44"]
[EventDate "2021.12.28"]
[EventType "swiss (blitz)"]
[EventRounds "11"]
[EventCountry "USA"]
[SourceTitle "CBM 206 Extra"]
[Source "ChessBase"]
[SourceDate "2022.03.31"]
[SourceVersion "1"]
[SourceVersionDate "2022.03.31"]
[SourceQuality "1"]

1. Nf3 d5 2. c4 d4 3. b4 Bg4 4. d3 Bxf3 5. gxf3 e5 6. b5 Nd7 7. f4 Bb4+ 8. Bd2 Qe7 9. Bg2 Rb8 10. fxe5 Nxe5 11. Bxb4 Qxb4+ 12. Nd2 Nf6 13. O-O O-O 14. Nf3 Nxf3+ 15. Bxf3 Rfe8 16. Rb1 Qd6 17. Qd2 Nd7 18. Be4 Nc5 19. Bd5 Re5 20. f4 Re3 21. Kf2 Rbe8 22. Ke1 Rxd3 0-1

[Event "Titled Tuesday intern op 28th Dec"]
[Site "Chess.com INT"]
[Date "2021.12.28"]
[Round "3"]
[White "Zhigalko, Sergei"]
[Black "Al Tarbosh, Ward"]
[Result "1-0"]
[WhiteElo "2572"]
[BlackElo "2222"]
[PlyCount "61"]
[EventDate "2021.12.28"]
[EventType "swiss (blitz)"]
[EventRounds "11"]
[EventCountry "USA"]
[SourceTitle "CBM 206 Extra"]
[Source "ChessBase"]
[SourceDate "2022.03.31"]
[SourceVersion "1"]
[SourceVersionDate "2022.03.31"]
[SourceQuality "1"]

1. e4 e6 2. d4 d5 3. e5 c5 4. c3 Nc6 5. Nf3 Qb6 6. a3 Nh6 7. b4 cxd4 8. cxd4 Nf5 9. Be3 Be7 10. Bd3 Bd7 11. O-O h5 12. Nc3 Nxe3 13. fxe3 O-O-O 14. Na4 Qc7 15. Rc1 a6 16. Nc5 Bxc5 17. Rxc5 Kb8 18. Ng5 f6 19. exf6 gxf6 20. Nf7 Rhg8 21. Nxd8 Qxd8 22. Qxh5 Qe7 23. Qh7 Rg7 24. Qh4 Rg5 25. Qh8+ Ka7 26. Qxf6 Qxf6 27. Rxf6 e5 28. Rxd5 Bh3 29. Be4 Rg4 30. Bf3 Rg7 31. dxe5 1-0

[Event "Titled Tuesday intern op 28th Dec"]
[Site "Chess.com INT"]
[Date "2021.12.28"]
[Round "4"]
[White "Ovetchkin, Roman"]
[Black "Zhigalko, Sergei"]
[Result "1-0"]
[WhiteElo "2518"]
[BlackElo "2572"]
[PlyCount "103"]
[EventDate "2021.12.28"]
[EventType "swiss (blitz)"]
[EventRounds "11"]
[EventCountry "USA"]
[SourceTitle "CBM 206 Extra"]
[Source "ChessBase"]
[SourceDate "2022.03.31"]
[SourceVersion "1"]
[SourceVersionDate "2022.03.31"]
[SourceQuality "1"]

1. d4 Nf6 2. c4 e6 3. g3 c5 4. d5 exd5 5. cxd5 d6 6. Bg2 g6 7. Nf3 Bg7 8. O-O O-O 9. Nc3 Re8 10. Bf4 a6 11. a4 Nh5 12. Bg5 Qc7 13. h3 h6 14. Bd2 Nd7 15. g4 Nhf6 16. Bf4 Ne4 17. Qc2 Ndf6 18. Rad1 Bd7 19. e3 Nxc3 20. bxc3 Ne4 21. c4 b5 22. Nd2 Nc3 23. Ne4 Nxe4 24. Bxe4 bxa4 25. Bxg6 fxg6 26. Qxg6 Qd8 27. Bxd6 Rc8 28. Bf4 Qf6 29. Qd3 h5 30. f3 Qc3 31. Kg2 a3 32. Qxc3 Bxc3 33. Rd3 Bb2 34. e4 Rb8 35. Rdd1 a2 36. Kg3 Bd4 37. Ra1 Rb2 38. g5 Rc2 39. h4 Kf7 40. Rfd1 Rd8 41. Rxd4 cxd4 42. Be5 d3 43. f4 d2 44. Rd1 Ba4 45. f5 Rc8 46. g6+ Ke7 47. Kf4 R8xc4 48. f6+ Kd7 49. f7 Rxe4+ 50. Kxe4 Rc4+ 51. Kf5 Bc2+ 52. Kf6 1-0

[Event "Titled Tuesday intern op 28th Dec"]
[Site "Chess.com INT"]
[Date "2021.12.28"]
[Round "5"]
[White "Zhigalko, Sergei"]
[Black "Nechaeva, Marina"]
[Result "1-0"]
[WhiteElo "2572"]
[BlackElo "2384"]
[PlyCount "73"]
[EventDate "2021.12.28"]
[EventType "swiss (blitz)"]
[EventRounds "11"]
[EventCountry "USA"]
[SourceTitle "CBM 206 Extra"]
[Source "ChessBase"]
[SourceDate "2022.03.31"]
[SourceVersion "1"]
[SourceVersionDate "2022.03.31"]
[SourceQuality "1"]

1. e4 c5 2. Nf3 d6 3. d4 cxd4 4. Qxd4 a6 5. Bc4 e6 6. Nc3 Nc6 7. Qd3 Nf6 8. Bf4 Be7 9. O-O-O e5 10. Bg5 Be6 11. Bxf6 gxf6 12. Nd5 Bxd5 13. Bxd5 Qa5 14. Kb1 O-O-O 15. Bxf7 Kb8 16. Nh4 d5 17. Bxd5 Nb4 18. Qb3 Bc5 19. f3 Rd6 20. Qa3 Qc7 21. Qc3 Rb6 22. Bb3 Rc8 23. Nf5 a5 24. Qd2 a4 25. Bxa4 Nxa2 26. Kxa2 Ra6 27. Qd7 Qa5 28. Kb1 Rc7 29. Qb5 Qxa4 30. Qxa4 Rxa4 31. Rd8+ Ka7 32. Rhd1 Bb6 33. c3 Rc5 34. R8d5 Rc6 35. Nd6 Be3 36. Kc2 Rb6 37. Nc8+ 1-0

[Event "Titled Tuesday intern op 28th Dec"]
[Site "Chess.com INT"]
[Date "2021.12.28"]
[Round "6"]
[White "Harshavardhan, GB."]
[Black "Zhigalko, Sergei"]
[Result "0-1"]
[WhiteElo "2397"]
[BlackElo "2572"]
[PlyCount "200"]
[EventDate "2021.12.28"]
[EventType "swiss (blitz)"]
[EventRounds "11"]
[EventCountry "USA"]
[SourceTitle "CBM 206 Extra"]
[Source "ChessBase"]
[SourceDate "2022.03.31"]
[SourceVersion "1"]
[SourceVersionDate "2022.03.31"]
[SourceQuality "1"]

1. e4 c5 2. Nf3 Nc6 3. d4 cxd4 4. Nxd4 Nf6 5. Nc3 e5 6. Ndb5 d6 7. Nd5 Nxd5 8. exd5 Nb8 9. Qf3 Be7 10. Qc3 Na6 11. Be3 O-O 12. Nxa7 Bg5 13. Bxa6 Bxe3 14. fxe3 Rxa7 15. Be2 Qh4+ 16. g3 Qh3 17. Bf3 Bd7 18. a3 Rc8 19. Qd3 Ra5 20. O-O-O Rac5 21. c3 Ba4 22. Rde1 Bb3 23. e4 Qd7 24. Qe3 Qa4 25. Kd2 Qb5 26. Rc1 Bc4 27. b4 R5c7 28. Bd1 Bxd5 29. a4 Qc4 30. Bf3 Be6 31. Rc2 Qb3 32. Ra1 Qc4 33. a5 h6 34. Be2 Qc6 35. b5 Qd7 36. a6 bxa6 37. bxa6 d5 38. exd5 Qxd5+ 39. Kc1 Bf5 40. Bf3 Qb3 41. Be4 Rxc3 42. Raa2 Rxe3 43. Bxf5 Rxc2+ 44. Rxc2 Qa3+ 45. Kd2 g6 46. a7 gxf5 47. a8=Q+ Kg7 48. Qxa3 Rxa3 49. Ke2 Kg6 50. Kf2 f6 51. Kg2 Rb3 52. Kf2 Rd3 53. Ke2 Rd4 54. Kf2 f4 55. Ra2 fxg3+ 56. hxg3 Rd3 57. Kg2 h5 58. Kf2 Kg5 59. Ra8 Rc3 60. Kg2 Kf5 61. Kf2 Rc2+ 62. Ke3 Rb2 63. Rh8 Rb3+ 64. Kf2 Kg6 65. Rg8+ Kh7 66. Rf8 Kg7 67. Ra8 Rb4 68. Kf3 h4 69. Ra7+ Kg6 70. gxh4 Rxh4 71. Ra8 Kf5 72. Kg3 Rg4+ 73. Kf3 Rb4 74. Rh8 Rb3+ 75. Kf2 Ke4 76. Rh4+ Kd5 77. Ra4 f5 78. Ke2 f4 79. Ra8 Ke4 80. Ra4+ Kf5 81. Ra5 Re3+ 82. Kf2 Rh3 83. Ra8 Rh2+ 84. Kg1 Rb2 85. Kf1 e4 86. Ra5+ Kg4 87. Ra8 e3 88. Ke1 Kf3 89. Kd1 Rb1+ 90. Kc2 Rh1 91. Re8 e2 92. Kd2 Rd1+ 93. Kc2 e1=Q 94. Rh8 Rd2+ 95. Kb3 Qe3+ 96. Kc4 Rd4+ 97. Kb5 Qb3+ 98. Kc6 Qc3+ 99. Kb5 Rb4+ 100. Ka5 Qa3# 0-1

[Event "Titled Tuesday intern op 28th Dec"]
[Site "Chess.com INT"]
[Date "2021.12.28"]
[Round "7"]
[White "Zhigalko, Sergei"]
[Black "Aradhya, Garg"]
[Result "1-0"]
[WhiteElo "2572"]
[BlackElo "2236"]
[PlyCount "55"]
[EventDate "2021.12.28"]
[EventType "swiss (blitz)"]
[EventRounds "11"]
[EventCountry "USA"]
[SourceTitle "CBM 206 Extra"]
[Source "ChessBase"]
[SourceDate "2022.03.31"]
[SourceVersion "1"]
[SourceVersionDate "2022.03.31"]
[SourceQuality "1"]

1. e4 e5 2. Nf3 Nc6 3. Bc4 Nf6 4. d3 Bc5 5. O-O d6 6. Nbd2 O-O 7. c3 a5 8. h3 Ba7 9. Re1 Ne7 10. Nf1 Ng6 11. Ng3 Re8 12. d4 c6 13. Bd3 h6 14. Be3 Nf4 15. Bxf4 exf4 16. Nf1 g5 17. Qc2 Kg7 18. Rad1 c5 19. e5 Nd5 20. dxc5 Bxc5 21. Bb5 Be6 22. Bxe8 Qxe8 23. exd6 Nf6 24. Nd4 Qd7 25. Nxe6+ fxe6 26. Nd2 Ra6 27. Ne4 Bxd6 28. Nc5 1-0

[Event "Titled Tuesday intern op 28th Dec"]
[Site "Chess.com INT"]
[Date "2021.12.28"]
[Round "8"]
[White "Vlassov, Nikolai"]
[Black "Zhigalko, Sergei"]
[Result "0-1"]
[WhiteElo "2294"]
[BlackElo "2572"]
[PlyCount "92"]
[EventDate "2021.12.28"]
[EventType "swiss (blitz)"]
[EventRounds "11"]
[EventCountry "USA"]
[SourceTitle "CBM 206 Extra"]
[Source "ChessBase"]
[SourceDate "2022.03.31"]
[SourceVersion "1"]
[SourceVersionDate "2022.03.31"]
[SourceQuality "1"]

1. e4 g6 2. h4 h6 3. d4 Bg7 4. Nc3 a6 5. h5 g5 6. f4 gxf4 7. Bxf4 d6 8. Nf3 b5 9. Qd2 b4 10. Ne2 a5 11. O-O-O Nd7 12. Ng3 e6 13. Bb5 Ne7 14. d5 Ba6 15. Ba4 Kf8 16. Bxd7 Qxd7 17. dxe6 fxe6 18. e5 Nd5 19. Ne4 Rd8 20. exd6 cxd6 21. Bxd6+ Kg8 22. Kb1 Rh7 23. Rh3 Qf7 24. Rg3 Qf5 25. Re1 Kh8 26. Nh4 Qxh5 27. Ng6+ Kg8 28. Qf2 Rd7 29. Be5 Qf5 30. Qc5 Rf7 31. a3 Bb7 32. Nd6 Qf1 33. Rxf1 Rxf1+ 34. Ka2 bxa3 35. Nxb7 axb2 36. Qc8+ Bf8 37. Nxf8+ Kf7 38. Qd7+ Kxf8 39. Qxh7 b1=Q+ 40. Ka3 Qb4+ 41. Ka2 Qa4+ 42. Kb2 Qb4+ 43. Ka2 Qa4+ 44. Ra3 Qc4+ 45. Rb3 Qa4+ 46. Kb2 Qa1# 0-1